00537cam a22002171 4500001001300000003000400013005001700017008004100034010001700075035002000092040001900112042001200131050001700143100003900160245002800199260001000227300002200237500001500259650002800274999001700302sa 65008727 DLC20260227112157.0830909s1964 xx 000 0 hino  asa 65008727  a(OCoLC)16745192 aDLCcOrPSdDLC apremarc00aPK2658b.K581 aKohli, Surindar Singh,d1920-eed.10aKahāṇī mālā.  c1964. a6, 168 p.c19 cm. aRomanized. 0aShort stories, Panjabi. c65820d65820